[Event "Lost Boys op"]
[Site "Amsterdam"]
[Date "2001.08.11"]
[Round "2"]
[White "Nep, Ron"]
[Black "Witt, Rob"]
[Result "0-1"]
[WhiteElo "2424"]
[BlackElo "2280"]
[PlyCount "82"]
[EventDate "2001.08.10"]
[EventType "swiss"]
[EventRounds "9"]
[EventCountry "NED"]
[SourceTitle "CBM 083 Extra"]
[Source "ChessBase"]
[SourceDate "2001.09.11"]
[SourceVersion "1"]
[SourceVersionDate "2001.09.11"]
[SourceQuality "1"]

1. d4 d5 2. Nf3 e6 3. c4 dxc4 4. e4 b5 5. a4 c6 6. Be2 Bb7 7. 0-0 a6 8. b3 cxb3 9. Qxb3 b4 10. a5 Nf6 11. Nbd2 Nbd7 12. e5 Nd5 13. Ne4 Qc7 14. Bg5 h6 15. Bh4 g5 16. Bg3 Be7 17. h4 Rg8 18. hxg5 hxg5 19. Nfd2 Kf8 20. Nc4 c5 21. Ncd6 Bxd6 22. Nxd6 Nc3 23. Bg4 Bd5 24. Qc2 Rg7 25. f4 cxd4 26. fxg5 Nc5 27. Nxf7 d3 28. Nd6+ Ke7 29. Qf2 Rag8 30. Qd4 Ne2+ 31. Bxe2 dxe2 32. Rfe1 Rxg5 33. Bh4 Kd7 34. Bxg5 Rxg5 35. Rxe2 Nb3 36. Qf4 Qc5+ 37. Kh2 Rh5+ 38. Kg3 Rh7 39. Rae1 Nd4 40. Re3 Qc2 41. Rg1 Rg7+ 0-1